| 000 | 01185nam a2200265Ia 4500 | ||
|---|---|---|---|
| 999 |
_c39815 _d39815 |
||
| 001 | 6420 | ||
| 003 | GE_BSU | ||
| 005 | 20191114124224.0 | ||
| 008 | 181216s2010||||ge |||||||||||||| ||geo|| | ||
| 020 | _a9789941020186 | ||
| 040 | _cGE_BSU | ||
| 041 | _ageo | ||
| 080 | _a336.71(075.8) კ-17 | ||
| 100 |
_aკაკულია, რევაზ _9751 |
||
| 245 |
_aსაბანკო საქმე : _bსახელმძღვ. / _cრევაზ კაკულია, ლელა ბახტაძე, ლაშა კანდელაკიშვილი ; რევაზ კაკულიას რედაქტორობით. |
||
| 264 |
_aთბილისი _bშპს "კალიგრაფი" _c2010 |
||
| 300 |
_a473 გვ. ; _b21 სმ. |
||
| 541 | _h25ლ. | ||
| 653 | _aსაბანკო საქმე | ||
| 653 | _aეკონომიკა | ||
| 700 |
_a ბახტაძე, ლელა _eავტორი _95341 |
||
| 700 |
_aკანდელაკიშვილი, ლაშა _eავტორი _95342 |
||
| 700 |
_aკაკულია, რევაზ _eრედაქტორი _9751 |
||
| 942 |
_cBK _2udc |
||